| 000 | 00610nam a2200205 u 4500 | ||
|---|---|---|---|
| 005 | 20230913063553.0 | ||
| 008 | 100527s2008 r 000 0 eng d | ||
| 020 | _a9789507542459 | ||
| 035 | _aUPN01000176161 | ||
| 049 | _aCG | ||
| 050 | 4 |
_aQC981.8 G5.6 _bS5.2 |
|
| 100 | 1 | _aSimanauskas, Tristán | |
| 245 | 1 | 0 |
_aCalentamiento global : _bun cambio climático anunciado / _cTristán Simanauskas. |
| 260 |
_aBuenos Aires : _bContinente, _c2008. |
||
| 300 |
_a94 p. : _bil. |
||
| 440 | 0 | _aCiencia para todos | |
| 650 | 4 |
_aCALENTAMIENTO GLOBAL _98763 |
|
| 650 | 4 |
_aCambios climáticos _97640 |
|
| 905 | _aLibro | ||
| 999 |
_c148264 _d148264 |
||